000
00320 a2200145 4500
001
162428
020
_a
040
_c
Magnum
100
_a
Torres, Adriana
240
1
0
_a
A carta da pero vaz de caminha
_l
por
245
1
0
_a
A carta da pero vaz de caminha
362
0
_a
1899
697
_a
IJ/PARADIDATICO
942
_c
BK
999
_c
162428
_d
162428